[Event "Torneo Magistral de Salamanca"]
[Site "Salamanca ESP"]
[Date "2005.07.14"]
[Round "6.4"]
[White "Ibarra Jerez, Jose Carlos"]
[Black "Garcia Garcia, Ruben"]
[Result "1-0"]
[WhiteElo "2439"]
[BlackElo "2343"]
[PlyCount "65"]
[EventDate "2005.07.10"]
[EventType "tourn"]
[EventRounds "9"]
[EventCountry "ESP"]
[EventCategory "7"]
[Source "lmi"]
[SourceDate "2005.07.17"]

1. e4 c5 2. Nf3 Nc6 3. d4 cxd4 4. Nxd4 Nf6 5. Nc3 e5 6. Ndb5 d6 7. Bg5 a6 8.
Na3 b5 9. Bxf6 gxf6 10. Nd5 Bg7 11. g3 f5 12. Bg2 fxe4 13. Bxe4 Be6 14. Qh5 Rc8
15. Rd1 Ne7 16. Nxe7 Qxe7 17. O-O b4 18. Nb1 Rc5 19. c3 a5 20. a3 bxa3 21. Nxa3
d5 22. b4 Rxc3 23. Nb5 Rc6 24. Bxd5 Bxd5 25. Rxd5 axb4 26. Rfd1 O-O 27. Nd6 Qf6
28. Nf5 b3 29. Rb5 Rb6 30. Rxb6 Qxb6 31. Qg4 Qf6 32. Rd6 Qxd6 33. Qxg7# 1-0

[Event "Torneo Magistral de Salamanca"]
[Site "Salamanca ESP"]
[Date "2005.07.14"]
[Round "6.5"]
[White "Dunis, Aurelien"]
[Black "Galego, Luis"]
[Result "1/2-1/2"]
[WhiteElo "2485"]
[BlackElo "2501"]
[PlyCount "147"]
[EventDate "2005.07.10"]
[EventType "tourn"]
[EventRounds "9"]
[EventCountry "ESP"]
[EventCategory "7"]
[Source "lmi"]
[SourceDate "2005.07.17"]

1. c4 Nf6 2. Nf3 d6 3. d4 Nbd7 4. Nc3 e5 5. e4 Be7 6. g3 O-O 7. Bg2 exd4 8.
Nxd4 Re8 9. O-O Bf8 10. b3 c6 11. Bb2 Nc5 12. Qc2 a5 13. Rad1 Qb6 14. h3 a4 15.
Kh2 axb3 16. axb3 Na6 17. f4 Nd7 18. Na4 Qc7 19. Ra1 Nb6 20. Nc3 Bd7 21. Rfd1
Nc5 22. Nf3 Rxa1 23. Rxa1 Bc8 24. Rd1 Nbd7 25. Ng5 h6 26. Nf3 Qb6 27. Nd2 Nb8
28. Na2 Nba6 29. Bc3 Ne6 30. Nf3 Nec5 31. Nd4 Ne6 32. Nf5 Qc7 33. b4 Nd8 34. e5
Bxf5 35. Qxf5 Re6 36. exd6 Bxd6 37. c5 Bf8 38. Nc1 Qe7 39. Qd3 Re3 40. Qd4 Nc7
41. Bd2 Ra3 42. Re1 Qf6 43. Qxf6 gxf6 44. f5 Kg7 45. Bf4 Nd5 46. Bxd5 cxd5 47.
Re8 Nc6 48. b5 Ne5 49. c6 bxc6 50. b6 Rc3 51. b7 Rc2+ 52. Kg1 Bd6 53. b8=Q Bxb8
54. Rxb8 d4 55. Rd8 c5 56. Kf1 h5 57. h4 Nc6 58. Rd6 Ne7 59. Nd3 Rc3 60. Ke2 c4
61. Rxd4 cxd3+ 62. Rxd3 Rxd3 63. Kxd3 Nxf5 64. Ke4 Kg6 65. Bb8 Ne7 66. Bd6 Nc6
67. Bc7 f5+ 68. Kd5 Nb4+ 69. Kc4 Nc6 70. Kd5 Ne7+ 71. Ke5 f6+ 72. Ke6 Nc6 73.
Bf4 Nd4+ 74. Ke7 1/2-1/2

[Event "Torneo Magistral de Salamanca"]
[Site "Salamanca ESP"]
[Date "2005.07.14"]
[Round "7.5"]
[White "Gomez Esteban, Juan Mario"]
[Black "Vasilev, Milen"]
[Result "0-1"]
[WhiteElo "2467"]
[BlackElo "2419"]
[PlyCount "148"]
[EventDate "2005.07.10"]
[EventType "tourn"]
[EventRounds "9"]
[EventCountry "ESP"]
[EventCategory "7"]
[Source "lmi"]
[SourceDate "2005.07.17"]

1. d4 d5 2. c4 c6 3. Nf3 Nf6 4. e3 Bf5 5. Nc3 e6 6. Nh4 Bg6 7. Nxg6 hxg6 8. Bd2
Bd6 9. g3 Nbd7 10. Qe2 O-O 11. Bg2 dxc4 12. Qxc4 e5 13. O-O Nb6 14. Qd3 exd4
15. Qxd4 c5 16. Qh4 Bxg3 17. hxg3 Qxd2 18. Rab1 Qd7 19. Bf3 Qf5 20. Kg2 g5 21.
Qh2 Rfd8 22. Rh1 Kf8 23. Rbd1 Nc4 24. e4 Qe5 25. Nd5 Nxb2 26. Rb1 b6 27. Qh8+
Ng8 28. Rh7 Nd3 29. Be2 Qxe4+ 30. Bf3 Qd4 31. Ne3 Rac8 32. Rd1 Qb2 33. Be2 Nf4+
34. gxf4 Rxd1 35. Nxd1 Qf6 36. fxg5 Qxg5+ 37. Kf1 c4 38. Rh3 b5 39. Rg3 Qh6 40.
Qxh6 Nxh6 41. Ra3 b4 42. Rxa7 c3 43. Ne3 c2 44. Nxc2 Rxc2 45. Ra4 Rb2 46. Bc4
Ng4 47. Ra8+ Ke7 48. Ra7+ Kd6 49. Rxf7 Ne5 50. Rf4 Nxc4 51. Rxc4 Kd5 52. Rg4
Kc5 53. Rxg7 Rxa2 54. Rb7 Kc4 55. Kg2 b3 56. Kg3 Ra5 57. f4 Rb5 58. Rc7+ Kd3
59. Rd7+ Kc2 60. Rc7+ Kd2 61. Rd7+ Ke2 62. Re7+ Kd2 63. Rd7+ Kc3 64. Rc7+ Kb4
65. Rc1 b2 66. Rb1 Kc3 67. Kf3 Kc2 68. Rxb2+ Rxb2 69. Ke4 Kc3 70. f5 Kc4 71.
Ke5 Kc5 72. Ke6 Kc6 73. Ke7 Re2+ 74. Kf7 Kd7 0-1

[Event "Torneo Magistral de Salamanca"]
[Site "Salamanca ESP"]
[Date "2005.07.15"]
[Round "8.1"]
[White "Vasilev, Milen"]
[Black "Sanz Alonso, Francisco Javier"]
[Result "0-1"]
[WhiteElo "2419"]
[BlackElo "2368"]
[PlyCount "176"]
[EventDate "2005.07.10"]
[EventType "tourn"]
[EventRounds "9"]
[EventCountry "ESP"]
[EventCategory "7"]
[Source "lmi"]
[SourceDate "2005.07.17"]

1. d4 Nf6 2. c4 c5 3. d5 e6 4. Nc3 exd5 5. cxd5 d6 6. e4 g6 7. Bd3 Bg7 8. Nge2
O-O 9. O-O Na6 10. Bg5 Rb8 11. Ng3 h6 12. Bd2 Nc7 13. a4 a6 14. a5 Bd7 15. h3
b6 16. axb6 Rxb6 17. Qc1 h5 18. Bg5 Qb8 19. Ra2 Bb5 20. Nxb5 Nxb5 21. Bxb5 Rxb5
22. Rxa6 Re8 23. Bf4 Rb6 24. Rxb6 Qxb6 25. Re1 h4 26. Nh1 Rxe4 27. Rxe4 Nxe4
28. Qc2 Qb4 29. b3 Qd4 30. Be3 Qxd5 31. Qc4 Qxc4 32. bxc4 Bd4 33. Bxd4 cxd4 34.
f3 Ng3 35. Nxg3 hxg3 36. Kf1 Kg7 37. Ke2 Kf6 38. Kd3 Ke5 39. f4+ Kxf4 40. Kxd4
f5 41. Kd5 Ke3 42. Kxd6 Kf2 43. c5 Kxg2 44. c6 Kxh3 45. c7 g2 46. c8=Q g1=Q 47.
Ke5 Qg4 48. Qc1 Qg3+ 49. Kf6 f4 50. Qh1+ Kg4 51. Qd1+ Qf3 52. Qc2 Kh3 53. Qc1
Kh2 54. Qd2+ Kh3 55. Qc1 Qe3 56. Qc8+ Kg3 57. Qc7 Qe4 58. Qc1 Qf5+ 59. Kg7 Qe4
60. Qg1+ Qg2 61. Qe1+ Qf2 62. Qe5 g5 63. Qxg5+ Kh2 64. Qh5+ Kg2 65. Qd5+ Kg1
66. Kf8 f3 67. Qg5+ Kf1 68. Qc1+ Qe1 69. Qc4+ Qe2 70. Qc1+ Kf2 71. Qc5+ Qe3 72.
Qc2+ Ke1 73. Qb1+ Ke2 74. Qc2+ Kf1 75. Qb1+ Qe1 76. Qd3+ Kg2 77. Qg6+ Qg3 78.
Qe4 Qd6+ 79. Kf7 Kg3 80. Qe1+ f2 81. Qe3+ Kg2 82. Qe4+ Kh3 83. Qf5+ Kg3 84.
Qg5+ Kf3 85. Qh5+ Ke3 86. Qh3+ Kd2 87. Qf3 Qd4 88. Qf5 Qc4+ 0-1

[Event "Torneo Magistral de Salamanca"]
[Site "Salamanca ESP"]
[Date "2005.07.15"]
[Round "8.2"]
[White "Lopez Rodriguez, Jose Luis"]
[Black "Gomez Esteban, Juan Mario"]
[Result "0-1"]
[WhiteElo "2226"]
[BlackElo "2467"]
[PlyCount "74"]
[EventDate "2005.07.10"]
[EventType "tourn"]
[EventRounds "9"]
[EventCountry "ESP"]
[EventCategory "7"]
[Source "lmi"]
[SourceDate "2005.07.17"]

1. e4 c6 2. d4 d5 3. exd5 cxd5 4. Bd3 Nc6 5. c3 Qc7 6. Bg5 Nf6 7. Nd2 Bg4 8.
Qa4 e6 9. Ngf3 Bd6 10. Bh4 Bh5 11. Bg3 O-O 12. O-O Bg6 13. Bxg6 hxg6 14. Rae1
b5 15. Qd1 b4 16. cxb4 Nxb4 17. Re3 Bxg3 18. hxg3 Rfc8 19. a3 Nc6 20. Rc3 Qb6
21. Qc2 Ne7 22. Rc1 Qa6 23. b4 Rxc3 24. Qxc3 Rc8 25. Qb2 Qe2 26. Re1 Qd3 27.
Rc1 Ne8 28. Rxc8 Nxc8 29. Qc1 Ncd6 30. a4 f6 31. Qc6 Kf8 32. Qc5 g5 33. Nf1 Qa6
34. a5 Kf7 35. Ne3 Ne4 36. Qc2 Qb5 37. Qb2 N8d6 0-1

[Event "Torneo Magistral de Salamanca"]
[Site "Salamanca ESP"]
[Date "2005.07.15"]
[Round "8.3"]
[White "Ibarra Jerez, Jose Carlos"]
[Black "Zlotnik, Boris A"]
[Result "1/2-1/2"]
[WhiteElo "2439"]
[BlackElo "2434"]
[PlyCount "69"]
[EventDate "2005.07.10"]
[EventType "tourn"]
[EventRounds "9"]
[EventCountry "ESP"]
[EventCategory "7"]
[Source "lmi"]
[SourceDate "2005.07.17"]

1. e4 e6 2. d4 d5 3. Nc3 Bb4 4. e5 c5 5. Bd2 Nc6 6. Nb5 Bxd2+ 7. Qxd2 Nxd4 8.
Nxd4 cxd4 9. f4 Ne7 10. Nf3 Nc6 11. O-O-O Qb6 12. h4 h5 13. Rh3 Bd7 14. Rg3 g6
15. Nxd4 Qxd4 16. Qxd4 Nxd4 17. Rxd4 Ke7 18. Rb3 Bc6 19. Kd2 Rhc8 20. Bd3 Rc7
21. Rc3 Rac8 22. Ke3 Kd8 23. g3 Ke7 24. Be2 Rd8 25. Rd1 Rcc8 26. Kd4 Rf8 27.
Rf1 Rfd8 28. Rff3 Rf8 29. b3 Rfd8 30. a4 a5 31. Rc5 b6 32. Rcc3 Kd7 33. Rfe3
Rb8 34. Bf1 b5 35. Bxb5 1/2-1/2

[Event "Torneo Magistral de Salamanca"]
[Site "Salamanca ESP"]
[Date "2005.07.16"]
[Round "9.2"]
[White "Romero Holmes, Alfonso"]
[Black "Galego, Luis"]
[Result "1/2-1/2"]
[WhiteElo "2503"]
[BlackElo "2501"]
[PlyCount "24"]
[EventDate "2005.07.10"]
[EventType "tourn"]
[EventRounds "9"]
[EventCountry "ESP"]
[EventCategory "7"]
[Source "lmi"]
[SourceDate "2005.07.17"]

1. d4 Nf6 2. Nc3 d6 3. e4 g6 4. Nf3 Bg7 5. Be2 O-O 6. O-O c6 7. a4 Nbd7 8. h3
e5 9. dxe5 dxe5 10. Be3 a5 11. Bc4 Qe7 12. Qe2 Nc5 1/2-1/2